000 01090nam a22002657a 4500
005 20240530110430.0
008 150330s2012 ua ao f 000 0 ara d
017 _a2009/3641
_bمصر . دار الكتب المصرية
020 _a9799770927762
040 _aEG-CaGPL
082 0 4 _221
_a923.2
_bق/ح ع
245 0 0 _aعبدالمنعم ابوالفتوح :
_bشاهد على تاريخ الحركة الاسلامية فى مصر 1970 - 1984 /
_cتحرير حسام تمام ؛ تقديم طارق البشرى .
250 _aط2.
260 _aالقاهرة :
_bدار الشروق ،
_c2012.
300 _a124 ص :
_bصور ؛
_c24 سم.
600 0 _aعبدالمنعم ابوالفتوح
_vتراجم
600 0 _aعبدالمنعم ابوالفتوح
_vصور
650 0 4 _aجماعة الاخوان المسلمون
650 0 4 _aاغتيال السادات
650 0 4 _aالاخوان المسلمون
700 0 _aحسام تمام
_eمحرر
700 0 _aطارق البشرى
_eمقدم
942 _2ddc
_cBK
999 _c60820
_d60820